[Event "FRM-chT 22nd"]
[Site "Struga"]
[Date "2013.08.01"]
[Round "4.3"]
[White "Nikoloski, Kire"]
[Black "Milosiev, Todor"]
[Result "0-1"]
[WhiteElo "2156"]
[BlackElo "2213"]
[PlyCount "136"]
[EventDate "2013.07.29"]
[EventType "team-tourn"]
[EventRounds "7"]
[EventCountry "MKD"]
[SourceTitle "CBM 155 Extra"]
[Source "ChessBase"]
[SourceDate "2013.08.26"]
[SourceVersion "1"]
[SourceVersionDate "2013.08.26"]
[SourceQuality "1"]
[WhiteTeam "Prilep"]
[BlackTeam "Kochani"]
[WhiteTeamCountry "MKD"]
[BlackTeamCountry "MKD"]

1. e4 d5 2. exd5 Nf6 3. d4 Nxd5 4. Nf3 Bg4 5. Be2 e6 6. 0-0 Bd6 7. Nbd2 0-0 8. Nc4 Nf4 9. Bxf4 Bxf4 10. c3 Nd7 11. h3 Bh5 12. g3 Bh6 13. Qb3 Nb6 14. Nce5 Bxf3 15. Bxf3 c6 16. a4 a5 17. Ng4 Bg5 18. Rfe1 Qc7 19. Ne5 Nd7 20. Nd3 Rfe8 21. Re2 Bf6 22. Rae1 Red8 23. Nf4 Qb6 24. Qa2 Nf8 25. Bg4 Rd6 26. Nd3 g6 27. Nc5 Bg7 28. Kg2 h5 29. Bf3 Qc7 30. Qc4 Rc8 31. Qb3 b6 32. Ne4 Rdd8 33. Nd2 c5 34. d5 Bh6 35. Ne4 Bg7 36. Nd2 exd5 37. Bxd5 c4 38. Qb5 Qc5 39. Bf3 Ne6 40. Qa6 Ng5 41. Ne4 Nxe4 42. Rxe4 Rd2 43. R1e2 Rd6 44. Re8+ Rxe8 45. Rxe8+ Kh7 46. Rc8 Qf5 47. Qxc4 Rf6 48. Be4 Qxf2+ 49. Kh1 Qe1+ 50. Kh2 h4 51. Bxg6+ Rxg6 52. Qxh4+ Rh6 53. Qf4 Qe7 54. Kg1 Qe1+ 55. Kg2 Qe2+ 56. Qf2 Qxf2+ 57. Kxf2 Rxh3 58. Kg2 Rh6 59. b4 Be5 60. bxa5 bxa5 61. Rc5 f6 62. g4 Rh2+ 63. Kf3 Kg6 64. Rxa5 Rh3+ 65. Kf2 Rxc3 66. Ra8 Kg5 67. Rg8+ Kf4 68. Ke2 Ra3 0-1

[Event "FRM-chT 22nd"]
[Site "Struga"]
[Date "2013.07.30"]
[Round "2.3"]
[White "Ilic, Mihajlo"]
[Black "Milosiev, Todor"]
[Result "1/2-1/2"]
[WhiteElo "2202"]
[BlackElo "2213"]
[PlyCount "20"]
[EventDate "2013.07.29"]
[EventType "team-tourn"]
[EventRounds "7"]
[EventCountry "MKD"]
[SourceTitle "CBM 155 Extra"]
[Source "ChessBase"]
[SourceDate "2013.08.26"]
[SourceVersion "1"]
[SourceVersionDate "2013.08.26"]
[SourceQuality "1"]
[WhiteTeam "Skopje Karposh"]
[BlackTeam "Kochani"]
[WhiteTeamCountry "MKD"]
[BlackTeamCountry "MKD"]

1. e4 d5 2. exd5 Nf6 3. d4 Nxd5 4. Nf3 Bg4 5. Be2 e6 6. 0-0 Bd6 7. Ne5 Bxe2 8. Qxe2 0-0 9. c4 Ne7 10. Nc3 Nbc6 1/2-1/2

[Event "FRM-chT 21st"]
[Site "Struga"]
[Date "2012.07.17"]
[Round "2.3"]
[White "Milosiev, Todor"]
[Black "Georgiev, Vladimir"]
[Result "0-1"]
[WhiteElo "2216"]
[BlackElo "2562"]
[PlyCount "30"]
[EventDate "2012.07.16"]
[EventType "team-tourn"]
[EventRounds "7"]
[EventCountry "MKD"]
[SourceTitle "CBM 149 Extra"]
[Source "ChessBase"]
[SourceDate "2012.08.24"]
[SourceVersion "1"]
[SourceVersionDate "2012.08.24"]
[SourceQuality "1"]
[WhiteTeam "Kochani"]
[BlackTeam "Skopje Kisela Voda"]
[WhiteTeamCountry "MKD"]
[BlackTeamCountry "MKD"]

1. e4 c5 2. Nf3 Nc6 3. d4 cxd4 4. Nxd4 Nf6 5. Nxc6 bxc6 6. Bd3 g6 7. 0-0 Bg7 8. c4 0-0 9. Nc3 Rb8 10. Qe2 d6 11. f3 Qb6+ 12. Kh1 Nh5 13. Rb1 Bd4 14. Na4 Qa5 15. b3 Ng3+ 0-1

[Event "FRM-chT 20th"]
[Site "Struga"]
[Date "2011.08.13"]
[Round "6"]
[White "Bogdanovski, Vlatko"]
[Black "Milosiev, Todor"]
[Result "1-0"]
[WhiteElo "2411"]
[BlackElo "2223"]
[PlyCount "79"]
[EventDate "2011.08.08"]
[EventType "team-tourn"]
[EventRounds "7"]
[EventCountry "MKD"]
[SourceTitle "CBM 143 Extra"]
[Source "ChessBase"]
[SourceDate "2011.08.29"]
[SourceVersion "1"]
[SourceVersionDate "2011.08.29"]
[SourceQuality "1"]
[WhiteTeam "Skopje Alkaloid"]
[BlackTeam "Kochani"]
[WhiteTeamCountry "MKD"]
[BlackTeamCountry "MKD"]

1. d4 d5 2. c4 c6 3. Nc3 Nf6 4. e3 e6 5. Nf3 Nbd7 6. Bd3 Be7 7. 0-0 0-0 8. b3 b6 9. Bb2 Bb7 10. Rc1 dxc4 11. bxc4 c5 12. d5 exd5 13. cxd5 Nxd5 14. Nxd5 Bxd5 15. Bxh7+ Kxh7 16. Qxd5 Bf6 17. Bxf6 Nxf6 18. Qf5+ Kg8 19. Rfd1 Qe7 20. Ng5 Rad8 21. e4 g6 22. Qf4 Rxd1+ 23. Rxd1 Rd8 24. Rxd8+ Qxd8 25. h3 Qe7 26. e5 Nh5 27. Qe3 c4 28. e6 fxe6 29. h4 Nf6 30. Qe5 Nh7 31. Ne4 Qd7 32. Qg3 Kg7 33. Qc3+ Kf7 34. Qxc4 Ke7 35. Qc3 Kd8 36. Qh8+ Kc7 37. Qg8 g5 38. hxg5 Qd1+ 39. Kh2 Qh5+ 40. Kg3 1-0

[Event "FRM-chT 20th"]
[Site "Struga"]
[Date "2011.08.11"]
[Round "4"]
[White "Simjanovski, Saso"]
[Black "Milosiev, Todor"]
[Result "1-0"]
[WhiteElo "2262"]
[BlackElo "2223"]
[PlyCount "61"]
[EventDate "2011.08.08"]
[EventType "team-tourn"]
[EventRounds "7"]
[EventCountry "MKD"]
[SourceTitle "CBM 143 Extra"]
[Source "ChessBase"]
[SourceDate "2011.08.29"]
[SourceVersion "1"]
[SourceVersionDate "2011.08.29"]
[SourceQuality "1"]
[WhiteTeam "Skopje Kisela Voda"]
[BlackTeam "Kochani"]
[WhiteTeamCountry "MKD"]
[BlackTeamCountry "MKD"]

1. Nf3 d5 2. g3 Nf6 3. Bg2 Bg4 4. Ne5 Bh5 5. c4 c6 6. cxd5 Nxd5 7. Nc3 e6 8. 0-0 Nd7 9. Nf3 Be7 10. d4 0-0 11. e4 Nxc3 12. bxc3 Qc7 13. Qb3 b6 14. Re1 Rac8 15. Bf4 Bd6 16. Bxd6 Qxd6 17. e5 Qc7 18. Nd2 Rb8 19. Ne4 b5 20. a4 a6 21. axb5 axb5 22. Ra6 Nb6 23. Rea1 Ra8 24. Nd6 Rxa6 25. Rxa6 Rb8 26. Qa3 Nd5 27. Qc5 Ne7 28. Bxc6 Be2 29. Be4 Qxc5 30. dxc5 b4 31. Rb6 1-0